| 000 | 00461nam a2200157 a 4500 | ||
|---|---|---|---|
| 001 | 000030842 | ||
| 005 | 20250131205119.0 | ||
| 008 | 110531s1920 dr 000 0 spa d | ||
| 040 |
_aDO-SdBNP _bspa _cBNPHU |
||
| 110 | 2 |
_aUniversidad de Santo Domingo _937767 |
|
| 245 | 1 | 0 | _aProgramas de la facultad de matemáticas. |
| 260 |
_aSanto Domingo : _bImp. de J. R. vda. García, _c1920. |
||
| 300 |
_a243 p. ; _c25 cm. |
||
| 500 | _aEdición oficial | ||
| 049 | _aBNPD | ||
| 999 |
_c30334 _d30334 |
||